000 00413nam a2200181Ia 4500
001 22271
005 20260414150820.0
008 260414t2015||||xx |||||||||||||| ||spa||
041 _aESP
082 _a621.3
_bS796
100 _aSvoboda, James A.
_eAUT
245 0 _aCircuitos eléctricos
_b
260 _c2015
300 _axix, 899
_c25 cm.
650 _aTCA
654 _aCET
942 _cLIB
_dJUS
_fJUS
_2ddc
_n
999 _c22271
_d22271